| 000 | 01839nam a22005537a 4500 | ||
|---|---|---|---|
| 001 | 9kvlp2rq7nd788xw | ||
| 003 | LIBRIS | ||
| 005 | 20241105174044.0 | ||
| 007 | cr ||| ||||| | ||
| 008 | 181217s2014 xx |||||o|||||000 0|und|d | ||
| 020 | _a9780160925375 (Print) | ||
| 035 | _a(EBZ)ebs4329237e | ||
| 035 | _a(WaSeSS)ssj0002139215 | ||
| 035 | _a(ALMA)99222597702336 | ||
| 035 | _a(ALMA)991000789003105936 | ||
| 035 | _a(WaSeSS)ssj0002139215 | ||
| 035 | _a(ALMA)993538200203662 | ||
| 035 | _a(ALMA)998156058803831 | ||
| 035 | _a(ALMA)9919283012605121 | ||
| 035 | _a(EBZ)ebs4329237e | ||
| 035 | _a(ALMA)997041500903661 | ||
| 035 | _a(ALMA)991001044308103211 | ||
| 035 | _a(ALMA)999412556803663 | ||
| 035 | _a(ALMA)9921396746604996 | ||
| 035 | _a(WaSeSS)ssj0002139215 | ||
| 035 | _a(EBZ)ebs4329237e | ||
| 040 |
_aSEK _ea _beng _cDLC |
||
| 041 | _aeng | ||
| 080 |
_a61 _bM-46 |
||
| 100 | 0 | _aBorden Institute (U.S.) | |
| 245 | 1 | 0 |
_aMedical Management of Chemical Casualties Handbook _b/ by: The Office of the Surgeon General Borden Institute |
| 250 | _a5th edition | ||
| 260 |
_aFort Sam Houston, Texas _bThe Office of the Surgeon General Borden Institute _c2014 |
||
| 264 | 1 |
_bDepartment of the Army, _c2014 |
|
| 300 |
_a183 p. _bill. |
||
| 500 | _aBook | ||
| 650 | 4 | _aHISTORY / Military / Biological & Chemical Warfare | |
| 650 | 0 |
_aMedicine _969 |
|
| 650 | 4 | _aHISTORY / Military / Weapons | |
| 650 | 4 | _aMEDICAL / Critical Care | |
| 650 | 4 | _aMEDICAL / Emergency Medicine | |
| 650 | 4 | _aMEDICAL / Physicians | |
| 650 | 4 | _aPOLITICAL SCIENCE / Law Enforcement | |
| 650 | 4 | _aPOLITICAL SCIENCE / Terrorism | |
| 653 | _aმედიცინა | ||
| 700 | 1 | _aBanks, Daniel E. | |
| 776 | 0 | 8 |
_iPrint _tMedical Management of Chemical Casualties Handbook _z978-0-16-092537-5 |
| 942 |
_2udc _cBK _e5 |
||
| 999 |
_c1629 _d1629 |
||